[Event "World Rapid Women 2021"]
[Site "Warsaw POL"]
[Date "2021.12.28"]
[Round "10.42"]
[White "Alymbai kyzy, Aizhan"]
[Black "Fernandez, Maria Florencia"]
[Result "0-1"]
[BlackTitle "WIM"]
[WhiteElo "1889"]
[BlackElo "2229"]
[WhiteFideId "13800043"]
[BlackFideId "116459"]
[EventDate "2021.12.26"]

1. e4 c5 2. c3 d5 3. exd5 Qxd5 4. d4 Nf6 5. Nf3 cxd4 6. Qxd4 Nc6 7. Qxd5 Nxd5 8.
Bc4 Nb6 9. Bb3 Bg4 10. Nbd2 e6 11. h3 Bh5 12. O-O Be7 13. Re1 O-O 14. Ne5 Nxe5
15. Rxe5 Bg6 16. Nf3 Bf6 17. Re1 Rfc8 18. Bg5 Bxg5 19. Nxg5 Nc4 20. Bxc4 Rxc4
21. Rad1 Rac8 22. Rd7 R4c7 23. Red1 Kf8 24. Nf3 Be4 25. Ng5 Bg6 26. Nf3 Ke8 27.
R7d4 f6 28. g4 e5 29. R4d2 Bf7 30. a3 Bb3 31. Re1 Rd7 32. Rxd7 Kxd7 33. Re2 Be6
34. Rd2+ Ke7 35. Kg2 Rc4 36. Ne1 h5 37. f3 hxg4 38. hxg4 e4 39. Rd4 exf3+ 40.
Kxf3 Rc8 41. Nd3 g5 42. Nb4 Rh8 43. Kg3 Rh1 44. Kg2 Rb1 45. Rd2 Bxg4 46. Nd5+
Ke6 47. Nc7+ Kf7 48. b4 a6 49. Rd4 f5 50. Rd7+ Kg6 51. Rd6+ Kh5 52. Ne8 Rb2+ 53.
Kg1 Kh4 54. Nf6 Bf3 55. Rd4+ Kg3 0-1

[Event "World Rapid Women 2021"]
[Site "Warsaw POL"]
[Date "2021.12.28"]
[Round "10.43"]
[White "Jarocka, Liwia"]
[Black "Sandu, Mihaela"]
[Result "1/2-1/2"]
[WhiteTitle "FM"]
[BlackTitle "WGM"]
[WhiteElo "2006"]
[BlackElo "2269"]
[WhiteFideId "21807558"]
[BlackFideId "1204327"]
[EventDate "2021.12.26"]

1. Nf3 Nf6 2. b3 g6 3. Bb2 Bg7 4. g3 d6 5. d4 O-O 6. Bg2 Nbd7 7. O-O e5 8. dxe5
Ng4 9. c4 Ndxe5 10. Nxe5 Nxe5 11. Nc3 Be6 12. Qd2 Rb8 13. Rad1 a6 14. f4 Ng4 15.
h3 Nh6 16. e4 b5 17. cxb5 axb5 18. Ne2 Bxb2 19. Qxb2 Bd7 20. Qd2 f6 21. e5 Nf7
22. Bd5 Qe7 23. exd6 cxd6 24. Kh2 Rfe8 25. Nd4 Qe3 26. Nc2 Qxd2+ 27. Rxd2 Kg7
28. Bxf7 Kxf7 29. Rff2 Rb6 30. Rd4 Bf5 31. g4 Be4 32. Nb4 f5 33. Rfd2 Ke6 34.
Nd5 Rc6 35. Nb4 Rb6 36. Nd5 Rc6 37. Nb4 Rb6 38. Kg3 Rc8 39. Kh2 Rc1 40. Rd1 Rxd1
41. Rxd1 d5 42. Kg3 Kd6 43. Rc1 d4 44. Kf2 Rb7 45. g5 h6 46. gxh6 Rh7 47. Na6
Rxh6 48. Kg3 Rh7 49. Rd1 Kd5 50. Nb4+ Kc5 51. Na6+ Kb6 52. Nb4 Kc5 53. Na6+ Kb6
54. Nb4 Rd7 55. Kf2 Ka5 56. a3 Kb6 57. Rg1 Rd6 58. Ke2 Kc5 59. Rc1+ Kb6 60. Rg1
Kc5 61. Kd2 Kb6 62. Ra1 Kc5 63. Rc1+ Kb6 64. Rc8 Kb7 65. Rg8 Kb6 66. Rh8 Kb7 67.
h4 Kb6 68. Rh6 Kc5 69. Rh8 Kb6 70. Rb8+ Kc5 71. Re8 Kb6 72. Re7 Kc5 73. Re5+ Kb6
74. a4 bxa4 75. bxa4 d3 76. a5+ Kc7 77. Re7+ Kd8 78. Rg7 Rd4 79. Rg8+ Ke7 80.
Rb8 Bf3 81. Rb6 Rxf4 82. Nxd3 Rxh4 83. Ke3 Be4 84. Nf4 Rh2 85. Nxg6+ Kd7 86.
Ne5+ Kc7 87. Rf6 Ra2 88. a6 Ra5 89. Kf4 Ra4 90. Kg5 Ra5 91. Kf4 Ra4 92. Kg5 Ra5
93. Nc4 Ra4 94. Ne3 Ra5 95. Nc4 Ra4 96. Rf7+ Kc6 97. a7 Bd5 98. Rf6+ Kc5 99. Ne3
Be4 100. Rf7 Kb6 101. Nxf5 1/2-1/2

[Event "World Rapid Women 2021"]
[Site "Warsaw POL"]
[Date "2021.12.28"]
[Round "10.44"]
[White "Utiatskaja, Irina"]
[Black "Parol, Pola"]
[Result "1-0"]
[WhiteTitle "WIM"]
[BlackTitle "WFM"]
[WhiteElo "2184"]
[BlackElo "2067"]
[WhiteFideId "24140848"]
[BlackFideId "1163116"]
[EventDate "2021.12.26"]

1. e4 c5 2. Nf3 d6 3. d4 cxd4 4. Nxd4 Nf6 5. Nc3 a6 6. Be3 e5 7. Nf3 Qc7 8. Bg5
Nbd7 9. a4 Be7 10. Nd2 h6 11. Bh4 b6 12. Bc4 Bb7 13. Qe2 O-O 14. O-O Rfe8 15.
Rfd1 Nc5 16. Bxf6 Bxf6 17. Bd5 Rac8 18. Bxb7 Qxb7 19. Nd5 Be7 20. g3 Ne6 21. c3
Bf8 22. Nf1 Nc5 23. b4 Ne6 24. Nfe3 Ng5 25. Nc4 b5 26. Na5 Qb8 27. h4 Ne6 28.
axb5 axb5 29. Qe3 Be7 30. Nb3 Nc7 31. Nxe7+ Rxe7 32. Rxd6 Ne6 33. Rd5 Rec7 34.
Rc1 Qa8 35. Na5 f6 36. Rxb5 Nd4 37. Rc5 Rxc5 38. bxc5 Ne6 39. Nb3 Qa3 40. c4 Rb8
41. Rc3 Qa4 42. Kg2 Kh8 43. Qd3 Rc8 44. Qd6 Qc6 45. Qd5 Nxc5 46. Nxc5 Qxc5 47.
Qd7 Rb8 48. Qf7 Qc6 49. Qd5 Rc8 50. c5 Kh7 51. Qxc6 Rxc6 52. Kf3 Kg6 53. Ke3 Kf7
54. Kd3 Ke6 55. Kc4 Kd7 56. Ra3 g5 57. h5 Ke6 58. Ra7 Rc8 59. Ra6+ Ke7 60. Kd5
Rd8+ 61. Rd6 Ra8 62. Re6+ Kf7 63. Rb6 Rd8+ 64. Rd6 Ra8 65. Rd7+ Ke8 66. Rh7 Ra2
67. c6 Kd8 68. Rxh6 Rxf2 69. g4 Kc7 70. Rh7+ Kb6 71. Rb7+ Ka6 72. Rb8 Rd2+ 73.
Ke6 Rc2 74. Kd7 Rd2+ 75. Kc8 Re2 76. c7 Rc2 77. Kd7 Rd2+ 78. Ke6 1-0

[Event "World Rapid Women 2021"]
[Site "Warsaw POL"]
[Date "2021.12.28"]
[Round "10.45"]
[White "Dylag, Emilia"]
[Black "Kucharska, Honorata"]
[Result "1/2-1/2"]
[WhiteTitle "WFM"]
[BlackTitle "WFM"]
[WhiteElo "1956"]
[BlackElo "2146"]
[WhiteFideId "21805172"]
[BlackFideId "1163868"]
[EventDate "2021.12.26"]

1. d4 Nf6 2. c4 d6 3. Nf3 Nbd7 4. g3 e5 5. Nc3 g6 6. Bg2 Bg7 7. O-O O-O 8. Qc2
c6 9. Rd1 Qc7 10. e4 Re8 11. b3 a6 12. Ba3 exd4 13. Nxd4 Nc5 14. b4 Ne6 15. Nde2
c5 16. b5 Bd7 17. bxa6 Rxa6 18. Bb2 Rb6 19. Rab1 Rb4 20. Qd3 Rb6 21. f4 Nd4 22.
Nxd4 cxd4 23. Qxd4 Rxb2 24. Rxb2 Nxe4 25. Qb6 Qxb6+ 26. Rxb6 Nxc3 27. Rdxd6 Be6
28. Bxb7 Bd4+ 29. Rxd4 Ne2+ 30. Kf2 Nxd4 31. c5 Bxa2 32. Rd6 Nf5 33. Rd2 Be6 34.
g4 Ne7 35. h3 f5 36. Rd6 Kf7 37. g5 Rb8 38. c6 Nxc6 1/2-1/2

[Event "World Rapid Women 2021"]
[Site "Warsaw POL"]
[Date "2021.12.28"]
[Round "10.46"]
[White "Szczotka, Klara"]
[Black "Rudzinska, Michalina"]
[Result "0-1"]
[BlackTitle "WFM"]
[WhiteElo "1755"]
[BlackElo "2215"]
[WhiteFideId "21858845"]
[BlackFideId "1172883"]
[EventDate "2021.12.26"]

1. d4 Nf6 2. c4 e6 3. Nc3 c5 4. d5 exd5 5. cxd5 d6 6. e4 g6 7. h3 Bg7 8. Nf3 O-O
9. Bd3 Re8 10. O-O c4 11. Bc2 b5 12. Nxb5 Nxe4 13. Re1 Nf6 14. Rxe8+ Nxe8 15.
Rb1 Nd7 16. Bf4 Nc5 17. Qe2 Nd3 18. Bxd3 cxd3 19. Qxd3 Bf5 20. Qd1 Bxb1 21. Qxb1
Qb6 22. a4 a6 23. Na3 Qb4 24. Bd2 Qxa4 25. Qc1 Rb8 26. Bc3 Bxc3 27. Qxc3 Qd1+
28. Kh2 Qxd5 29. b4 Qe6 30. Nd4 Qe5+ 31. g3 Nf6 32. Nc4 Rc8 33. Qd3 Qe4 34. Qxe4
Nxe4 35. Nb6 Rb8 36. Nd5 Nxf2 37. Kg2 Nd3 38. Nc6 Rb5 39. Nc7 Rb6 40. Ne7+ Kf8
41. Ned5 Rxb4 42. Nxb4 Nxb4 43. Kf3 Ke7 44. Na8 Nd5 45. Ke4 Ke6 46. Kd4 f5 47.
Kc4 g5 48. Kd4 f4 49. gxf4 gxf4 50. Ke4 a5 51. Kd4 0-1

[Event "World Rapid Women 2021"]
[Site "Warsaw POL"]
[Date "2021.12.28"]
[Round "10.47"]
[White "Malicka, Maria"]
[Black "Budkiewicz, Magdalena"]
[Result "1-0"]
[WhiteTitle "FM"]
[WhiteElo "2307"]
[BlackElo "1929"]
[WhiteFideId "1197576"]
[BlackFideId "1194917"]
[EventDate "2021.12.26"]

1. e4 d6 2. d4 Nf6 3. Nc3 g6 4. Bg5 Bg7 5. Qd2 O-O 6. O-O-O Nbd7 7. f4 Nb6 8.
Nf3 a5 9. Bd3 c5 10. dxc5 dxc5 11. e5 Ne8 12. Qf2 Nd7 13. Bb5 b6 14. Nd5 f6 15.
Bh4 e6 16. Nxf6+ Nexf6 17. exf6 Bxf6 18. Bxf6 Rxf6 19. Ne5 Ra7 20. Qd2 1-0

[Event "World Rapid Women 2021"]
[Site "Warsaw POL"]
[Date "2021.12.28"]
[Round "10.48"]
[White "Hryzlova, Sofiia"]
[Black "Heredia Serrano, Carla"]
[Result "0-1"]
[WhiteTitle "WCM"]
[BlackTitle "WGM"]
[WhiteElo "2097"]
[BlackElo "2121"]
[WhiteFideId "14174669"]
[BlackFideId "3603687"]
[EventDate "2021.12.26"]

1. d4 d5 2. Nf3 Nf6 3. g3 Bg4 4. Bg2 c6 5. c4 e6 6. O-O Nbd7 7. Qb3 Qb6 8. c5
Qa6 9. Qc2 Bf5 10. Qd1 Be7 11. b4 O-O 12. a4 b6 13. Bf4 Ne4 14. Nbd2 Nc3 15. Qb3
Nxe2+ 16. Kh1 Nxf4 17. gxf4 bxc5 18. bxc5 Rab8 19. Qe3 Rb4 20. a5 Qd3 21. Qe1
Bf6 22. Nb1 Rfb8 23. Na3 Be4 24. Qe3 Qa6 25. Ne5 Bxe5 26. fxe5 Rb3 27. Qf4 Rxa3
28. Bxe4 dxe4 29. Qxe4 Rxa1 30. Rxa1 Nf8 31. h4 Qb5 32. h5 h6 33. Qg2 Qc4 34.
Rg1 Qd5 35. f3 g6 36. hxg6 fxg6 37. Qh3 Rb3 38. Rf1 Qc4 39. Kg2 Rb2+ 40. Kg3 Qe2
41. Qh1 h5 42. Re1 Qf2+ 43. Kh3 Rb3 44. Rf1 Qxd4 45. Qh2 Qg4# 0-1

[Event "World Rapid Women 2021"]
[Site "Warsaw POL"]
[Date "2021.12.28"]
[Round "10.49"]
[White "Katkov, Michelle"]
[Black "Gaboyan, Susanna"]
[Result "1/2-1/2"]
[WhiteTitle "WFM"]
[BlackTitle "WIM"]
[WhiteElo "2151"]
[BlackElo "2254"]
[WhiteFideId "2816393"]
[BlackFideId "13303627"]
[EventDate "2021.12.26"]

1. e4 c5 2. c3 d5 3. exd5 Qxd5 4. d4 Nc6 5. Nf3 cxd4 6. cxd4 e5 7. Nc3 Bb4 8.
Bd2 Bxc3 9. Bxc3 e4 10. Ne5 Nxe5 11. dxe5 Ne7 12. Qa4+ Bd7 13. Qa3 Qe6 14. Qd6
O-O 15. Qxe6 Bxe6 16. Bb4 Rfe8 17. Bb5 Nc6 18. Bd6 Rec8 19. Bxc6 Rxc6 20. Kd2
Rac8 21. Rhc1 Rxc1 22. Rxc1 Rxc1 23. Kxc1 Bxa2 24. Kd2 Bd5 25. Ke3 g5 26. g3 Kg7
27. Be7 Kg6 28. h4 gxh4 29. Bxh4 Kf5 30. Kd4 Bc6 31. Be7 Kg4 32. Ke3 Kh3 33. Bc5
Kg2 34. Bxa7 Kf1 35. Kf4 Bd5 36. Kg5 Be6 37. Kf4 Bd5 38. Kg5 Be6 39. Kh6 Bf5 40.
Kg7 Bg6 41. Kf6 Ke2 42. Ke7 Kd3 43. Kd6 Kc4 44. Bb6 Kb3 45. Bd4 b5 46. Kc6 Kc4
47. Be3 Bh5 48. Kd6 b4 49. Ke7 Bg6 50. Kf6 Kd3 51. Bc5 b3 52. Kg5 Kc2 53. Bd4
Kd3 54. Be3 Kc2 55. Bd4 Kd3 1/2-1/2

[Event "World Rapid Women 2021"]
[Site "Warsaw POL"]
[Date "2021.12.28"]
[Round "11.1"]
[White "Lagno, Kateryna"]
[Black "Kosteniuk, Alexandra"]
[Result "1/2-1/2"]
[WhiteTitle "GM"]
[BlackTitle "GM"]
[WhiteElo "2550"]
[BlackElo "2516"]
[WhiteFideId "14109336"]
[BlackFideId "4128125"]
[EventDate "2021.12.26"]

1. e4 c5 2. Nf3 e6 3. d4 cxd4 4. Nxd4 Nf6 5. Nc3 Nc6 6. Ndb5 Bc5 7. Nd6+ Ke7 8.
Bf4 e5 9. Nf5+ Kf8 10. Bg5 d6 11. Bc4 h6 12. Bxf6 Qxf6 13. Nd5 Qg5 14. Nfe3 Be6
15. O-O Rc8 16. c3 a6 17. b4 Ba7 18. Bb3 h5 19. Kh1 Rh6 20. Qe2 h4 21. h3 Ne7
22. Nxe7 Kxe7 23. Bxe6 fxe6 24. Ng4 Rhh8 25. Qd3 Rhd8 26. Rfd1 1/2-1/2

[Event "World Rapid Women 2021"]
[Site "Warsaw POL"]
[Date "2021.12.28"]
[Round "11.2"]
[White "Assaubayeva, Bibisara"]
[Black "Dzagnidze, Nana"]
[Result "1-0"]
[WhiteTitle "IM"]
[BlackTitle "GM"]
[WhiteElo "2434"]
[BlackElo "2531"]
[WhiteFideId "13708694"]
[BlackFideId "13601903"]
[EventDate "2021.12.26"]

1. d4 d5 2. c4 e6 3. Nc3 Be7 4. Nf3 Nf6 5. Bg5 O-O 6. e3 h6 7. Bxf6 Bxf6 8. Rc1
b6 9. cxd5 exd5 10. Bd3 Re8 11. O-O c6 12. b4 Bb7 13. Qb3 Nd7 14. b5 c5 15. Nxd5
cxd4 16. exd4 Bxd4 17. Nxd4 Nc5 18. Rxc5 bxc5 19. Nc6 Qd6 20. Bc4 a6 21. Na5
axb5 22. Nxb7 bxc4 23. Nxd6 cxb3 24. Nxe8 bxa2 25. Ra1 Rxe8 26. Nc3 Rd8 27. Rxa2
Rd3 28. Rc2 Rd4 29. Kf1 g6 30. Ke2 Kg7 31. Ke3 Rc4 32. Rc1 h5 33. Ne2 Rh4 34. h3 1-0

[Event "World Rapid Women 2021"]
[Site "Warsaw POL"]
[Date "2021.12.28"]
[Round "11.3"]
[White "Gunina, Valentina"]
[Black "Stefanova, Antoaneta"]
[Result "1/2-1/2"]
[WhiteTitle "GM"]
[BlackTitle "GM"]
[WhiteElo "2471"]
[BlackElo "2469"]
[WhiteFideId "4167570"]
[BlackFideId "2902257"]
[EventDate "2021.12.26"]

1. d4 d5 2. c4 c6 3. Nf3 Nf6 4. Nc3 a6 5. c5 Bf5 6. Bf4 Nbd7 7. e3 Nh5 8. Bd3
Nxf4 9. exf4 Bg4 10. O-O g6 11. Re1 Bg7 12. Be2 Bxf3 13. Bxf3 b6 14. Qa4 O-O 15.
Qxc6 e6 16. cxb6 Rc8 17. Qd6 Nxb6 18. Qxd8 Rfxd8 19. Red1 Nc4 20. Na4 Nd6 21.
Be2 a5 22. g4 Bh6 23. g5 Bg7 24. Rd2 Ne4 25. Rdd1 Nd6 26. Rd2 Ne4 27. Rdd1 1/2-1/2

[Event "World Rapid Women 2021"]
[Site "Warsaw POL"]
[Date "2021.12.28"]
[Round "11.4"]
[White "Koneru, Humpy"]
[Black "Mammadova, Gulnar"]
[Result "1/2-1/2"]
[WhiteTitle "GM"]
[BlackTitle "IM"]
[WhiteElo "2586"]
[BlackElo "2387"]
[WhiteFideId "5008123"]
[BlackFideId "13403508"]
[EventDate "2021.12.26"]

1. d4 g6 2. c4 Bg7 3. Nc3 d6 4. e4 e5 5. d5 a5 6. Bd3 Na6 7. Nge2 Nc5 8. Bc2 h5
9. a3 Bh6 10. Bxh6 Nxh6 11. b4 axb4 12. axb4 Rxa1 13. Qxa1 Na6 14. O-O O-O 15.
Qa3 Qg5 16. c5 h4 17. f4 exf4 18. Nxf4 h3 19. Nce2 Ng4 20. g3 Qe5 21. Qf3 Qg5
22. Qc3 Qe5 23. Qf3 Qg5 24. Ne6 Bxe6 25. dxe6 Qe3+ 26. Qxe3 Nxe3 27. exf7+ Kg7
28. Rc1 Nxc2 29. Rxc2 Nxb4 30. Rc4 dxc5 31. Rxc5 Rxf7 32. Nf4 Re7 33. Kf2 c6 34.
Kf3 Kf6 35. Rc4 Na6 36. Nxh3 Rh7 37. Nf2 Nc7 38. Ng4+ Ke6 39. h4 Nb5 40. Rc5 Rh5
41. Rc1 Nd6 42. Kf4 Ra5 43. Nf2 Ra4 44. g4 Ra2 45. Nd3 Rh2 46. Kg3 Rd2 47. Nf2
Ke5 48. Rc5+ Kd4 49. Ra5 Nxe4+ 50. Nxe4 Kxe4 51. h5 gxh5 52. gxh5 b5 53. Ra6 Rd6
54. Kg4 b4 55. Rb6 Rd4 56. h6 Kd5+ 57. Kg5 Kc5 58. h7 Rd5+ 59. Kg6 Rd6+ 60. Kg5
Rd5+ 61. Kg6 Rd6+ 62. Kg5 Rd5+ 63. Kg6 Rd6+ 64. Kg5 1/2-1/2

[Event "World Rapid Women 2021"]
[Site "Warsaw POL"]
[Date "2021.12.28"]
[Round "11.5"]
[White "Serikbay, Assel"]
[Black "Goryachkina, Aleksandra"]
[Result "1/2-1/2"]
[WhiteTitle "WIM"]
[BlackTitle "GM"]
[WhiteElo "2263"]
[BlackElo "2610"]
[WhiteFideId "13706799"]
[BlackFideId "4147103"]
[EventDate "2021.12.26"]

1. d4 d5 2. Nf3 Nf6 3. c4 c6 4. Nc3 e6 5. Bg5 Nbd7 6. e3 Qa5 7. Nd2 Bb4 8. Qc2
O-O 9. Be2 e5 10. dxe5 Ne4 11. Ncxe4 dxe4 12. Rd1 Nxe5 13. O-O Bxd2 14. Qxd2
Qxd2 15. Rxd2 Be6 16. b3 f6 17. Bf4 Rfd8 18. Rxd8+ Rxd8 19. Bxe5 fxe5 20. Rd1
Rxd1+ 21. Bxd1 c5 22. Bc2 Bf5 23. f3 g5 24. g4 Bg6 25. Bxe4 Bxe4 26. fxe4 Kf7
27. Kf2 Ke6 28. Ke2 Kd6 29. Kd3 Kc6 30. Kc3 b6 31. Kd3 1/2-1/2

[Event "World Rapid Women 2021"]
[Site "Warsaw POL"]
[Date "2021.12.28"]
[Round "11.6"]
[White "Muzychuk, Mariya"]
[Black "Gaponenko, Inna"]
[Result "1/2-1/2"]
[WhiteTitle "GM"]
[BlackTitle "IM"]
[WhiteElo "2539"]
[BlackElo "2347"]
[WhiteFideId "14114550"]
[BlackFideId "14101181"]
[EventDate "2021.12.26"]

1. e4 c5 2. Nf3 g6 3. c4 Nc6 4. d4 cxd4 5. Nxd4 Bg7 6. Be3 d6 7. Be2 Nf6 8. Nc3
O-O 9. O-O Nxd4 10. Bxd4 Bd7 11. Qd2 Bc6 12. f3 Nd7 13. Be3 a5 14. Rfd1 Nc5 15.
b3 Qb6 16. Rab1 Qb4 17. Nd5 Bxd5 18. exd5 Qxd2 19. Rxd2 Rfc8 20. a3 h5 21. Kf2
Bf6 22. g3 Kg7 23. h4 Kg8 24. b4 axb4 25. axb4 Na4 26. Rb3 Nc3 27. c5 Nxe2 28.
Kxe2 Ra1 29. Rc2 b6 30. c6 b5 31. Bb6 e6 32. Rd3 Ra6 33. Ba5 exd5 34. Rxd5 Raxc6
35. Rxc6 Rxc6 36. Rxb5 Rc2+ 37. Ke3 Kg7 38. Rd5 Rg2 39. b5 Rb2 40. Bc7 Rb3+ 41.
Ke2 Be7 42. b6 Kf6 43. Rd3 Rb2+ 44. Rd2 Rb3 45. Kd1 Ke6 46. Kc2 Rb5 47. Rd3 d5
48. Rb3 Rxb3 49. Kxb3 Kd7 50. Ka4 Kc6 51. Ka5 Kb7 52. Kb5 Bf8 53. Be5 Be7 54.
Bd4 Bd6 55. f4 Be7 56. Bc5 Bd8 57. Be3 Be7 58. Bd4 Ba3 59. Bc5 Bc1 60. Bf2 Ba3
61. Bc5 Bc1 62. Bf2 Ba3 63. Be3 Be7 64. Bd4 Ba3 65. g4 Be7 66. g5 Bd6 1/2-1/2

[Event "World Rapid Women 2021"]
[Site "Warsaw POL"]
[Date "2021.12.28"]
[Round "11.7"]
[White "Muzychuk, Anna"]
[Black "Danielian, Elina"]
[Result "1-0"]
[WhiteTitle "GM"]
[BlackTitle "GM"]
[WhiteElo "2531"]
[BlackElo "2441"]
[WhiteFideId "14111330"]
[BlackFideId "13300210"]
[EventDate "2021.12.26"]

1. e4 e6 2. d4 d5 3. Nc3 Nf6 4. e5 Nfd7 5. f4 c5 6. Nf3 Nc6 7. Be3 a6 8. a3 b5
9. Bd3 Qb6 10. O-O cxd4 11. Bf2 b4 12. axb4 Bxb4 13. Nb5 Rb8 14. Nbxd4 Nxd4 15.
Nxd4 Bc5 16. c3 Qxb2 17. Nxe6 fxe6 18. Bxc5 Nxc5 19. Rb1 Qxc3 20. Rxb8 Nxd3 21.
Rf3 Qc7 22. Rb1 Qa7+ 23. Kf1 a5 24. Rxd3 Ba6 25. Qh5+ g6 26. Qh3 Bxd3+ 27. Qxd3
O-O 28. g3 a4 29. Qa3 Rc8 30. Qd6 Rc2 31. Rb8+ 1-0

[Event "World Rapid Women 2021"]
[Site "Warsaw POL"]
[Date "2021.12.28"]
[Round "11.8"]
[White "Abdumalik, Zhansaya"]
[Black "Osmak, Yuliia"]
[Result "1-0"]
[WhiteTitle "GM"]
[BlackTitle "IM"]
[WhiteElo "2491"]
[BlackElo "2419"]
[WhiteFideId "13703544"]
[BlackFideId "14101602"]
[EventDate "2021.12.26"]

1. e4 c6 2. Nf3 d5 3. d3 Qc7 4. Nc3 dxe4 5. dxe4 e5 6. Bc4 h6 7. h3 Nf6 8. a4
Bb4 9. O-O O-O 10. Qe2 a5 11. Nh4 Nbd7 12. f4 Re8 13. Bxf7+ Kxf7 14. Qc4+ Ke7
15. Nf5+ Kf8 16. Nh4 Ke7 17. Be3 Nb6 18. Ng6+ Kd8 19. Rad1+ Bd7 20. Qf7 Bxc3 21.
bxc3 Kc8 22. fxe5 Nxe4 23. e6 Rxe6 24. Qxe6 Nf6 25. Rxf6 gxf6 26. Qg8+ Qd8 27.
Ne7+ 1-0

[Event "World Rapid Women 2021"]
[Site "Warsaw POL"]
[Date "2021.12.28"]
[Round "11.9"]
[White "Michna, Marta"]
[Black "Shuvalova, Polina"]
[Result "1-0"]
[WhiteTitle "WGM"]
[BlackTitle "IM"]
[WhiteElo "2314"]
[BlackElo "2516"]
[WhiteFideId "1106686"]
[BlackFideId "24171760"]
[EventDate "2021.12.26"]

1. d4 Nf6 2. c3 c5 3. Nf3 g6 4. Bf4 Bg7 5. e3 O-O 6. h3 b6 7. Nbd2 d6 8. Be2 Bb7
9. O-O Nbd7 10. a4 a6 11. Bh2 Re8 12. Qb1 Rc8 13. Rc1 e5 14. dxe5 dxe5 15. e4
Qe7 16. Re1 Rcd8 17. Qc2 Nh5 18. Bf1 Nf4 19. Nc4 Qf6 20. Nfd2 Nf8 21. Rad1 Rd7
22. Ne3 Red8 23. Bxf4 exf4 24. Nd5 Bxd5 25. exd5 Rxd5 26. Bc4 Re5 27. Rxe5 Qxe5
28. Nf3 Qc7 29. Rxd8 Qxd8 30. Bxa6 Qd5 31. Qe2 Bf6 32. Bc4 Qd7 33. Bb5 Qd6 34.
Nd2 Kg7 35. Nc4 Qd8 36. Qd2 Qe7 37. Nxb6 f3 38. Nd5 Qe5 39. Nxf6 Qxf6 40. Qe3
fxg2 41. Qxc5 Ne6 42. Qe3 g5 43. Bc4 Nf4 44. Qd4 Qxd4 45. cxd4 Kf6 46. a5 1-0

[Event "World Rapid Women 2021"]
[Site "Warsaw POL"]
[Date "2021.12.28"]
[Round "11.10"]
[White "Vaishali, R"]
[Black "Girya, Olga"]
[Result "1/2-1/2"]
[WhiteTitle "IM"]
[BlackTitle "GM"]
[WhiteElo "2401"]
[BlackElo "2416"]
[WhiteFideId "5091756"]
[BlackFideId "4195752"]
[EventDate "2021.12.26"]

1. e4 e5 2. Nf3 Nc6 3. Bb5 a6 4. Ba4 Nf6 5. O-O Nxe4 6. d4 b5 7. Bb3 d5 8. dxe5
Be6 9. Nc3 Nxc3 10. bxc3 Na5 11. a4 c5 12. axb5 axb5 13. Bg5 Be7 14. Bxe7 Kxe7
15. Qc1 h6 16. Rd1 Qd7 17. Nh4 Rhd8 18. f4 c4 19. f5 Bxf5 20. Rf1 Qa7+ 21. Kh1
Be6 22. Qa3+ Kd7 23. Qb4 cxb3 24. Qxb5+ Kc8 25. cxb3 Bd7 26. Qb4 Be6 27. Qa4 Rd7
28. b4 Kd8 29. bxa5 Qc5 30. a6 Rda7 31. Nf3 Qc4 32. Qxc4 dxc4 33. Rfd1+ Ke8 34.
Rd6 Bc8 35. Rc6 Bxa6 36. h4 Bb5 37. Rxa7 Bxc6 38. Rxa8+ Bxa8 39. Nd4 Ke7 40. Kg1
f6 41. exf6+ Kxf6 42. Kf2 Ke5 43. g3 Ke4 44. Ke2 Bd5 45. Nf3 Bf7 46. Nd2+ Kf5
47. Kf3 Bd5+ 48. Ke3 Kg4 49. Kf2 Kf5 50. Ke3 Kg4 51. Kf2 Kf5 52. Nf1 Ke4 53. Ke2
Bf7 54. Nd2+ Kf5 55. Kf3 Bd5+ 56. Ke3 1/2-1/2

[Event "World Rapid Women 2021"]
[Site "Warsaw POL"]
[Date "2021.12.28"]
[Round "11.12"]
[White "Batsiashvili, Nino"]
[Black "Nomin-Erdene, Davaademberel"]
[Result "0-1"]
[WhiteTitle "GM"]
[BlackTitle "IM"]
[WhiteElo "2491"]
[BlackElo "2391"]
[WhiteFideId "13602993"]
[BlackFideId "4900782"]
[EventDate "2021.12.26"]

1. c4 f5 2. g3 Nf6 3. Bg2 g6 4. Nc3 Bg7 5. d3 d6 6. e4 e5 7. exf5 gxf5 8. d4 O-O
9. dxe5 dxe5 10. Qxd8 Rxd8 11. Bg5 c6 12. Nf3 h6 13. Bh4 e4 14. Ne5 Be6 15. O-O
Nbd7 16. Ng6 Kf7 17. Nf4 Bxc4 18. Rfd1 Ne5 19. b3 Ba6 20. Na4 b6 21. Rac1 c5 22.
Nc3 Nd3 23. Nxd3 Rxd3 24. Bf1 Ng4 25. Bxd3 exd3 26. Nd5 Bd4 27. Nc7 Nxf2 28. Kf1
d2+ 29. Nxa6 dxc1=Q 30. Rxc1 Rc8 31. Re1 Ne4 32. g4 Kg6 33. Kg2 b5 34. Kf3 Nf6
35. gxf5+ Kxf5 36. Re7 Nd5 37. Rb7 Rc6 38. Nb8 Re6 39. Bf2 Bxf2 40. Kxf2 a6 41.
Nd7 c4 42. bxc4 bxc4 43. Rb8 Rc6 44. Re8 Nb4 45. a3 c3 46. Re5+ Kf4 47. axb4 c2
48. Re1 c1=Q 49. Rxc1 Rxc1 50. Nc5 Rc2+ 51. Ke1 Rxh2 52. Nxa6 Rb2 53. Kd1 h5 54.
Kc1 Ra2 55. Nc5 h4 56. Kb1 Re2 57. b5 h3 58. b6 h2 59. b7 h1=Q# 0-1

[Event "World Rapid Women 2021"]
[Site "Warsaw POL"]
[Date "2021.12.28"]
[Round "11.13"]
[White "Kamalidenova, Meruert"]
[Black "Kashlinskaya, Alina"]
[Result "0-1"]
[WhiteTitle "WIM"]
[BlackTitle "IM"]
[WhiteElo "2351"]
[BlackElo "2490"]
[WhiteFideId "13712802"]
[BlackFideId "4198026"]
[EventDate "2021.12.26"]

1. e4 e6 2. d4 d5 3. Nc3 Bb4 4. e5 Ne7 5. a3 Bxc3+ 6. bxc3 c5 7. h4 Qc7 8. h5 h6
9. Rb1 b6 10. Bb5+ Bd7 11. Bd3 Ba4 12. Be3 c4 13. Be2 Nbc6 14. f4 O-O-O 15. Nf3
Kb7 16. Nh4 a5 17. O-O g6 18. hxg6 Nxg6 19. Nf3 Nce7 20. Nh2 Nf5 21. Bd2 Ng3 22.
Rf3 Nxe2+ 23. Qxe2 Bxc2 24. Rb2 Be4 25. Rg3 Rhg8 26. Qf2 Qe7 27. Bc1 Nh4 28. Ng4
Nf5 29. Nxh6 Nxg3 30. Nxg8 Rxg8 31. a4 Qh4 32. Qe3 Qh1+ 33. Kf2 Qf1# 0-1

[Event "World Rapid Women 2021"]
[Site "Warsaw POL"]
[Date "2021.12.28"]
[Round "11.14"]
[White "Kovanova, Baira"]
[Black "Berend, Elvira"]
[Result "0-1"]
[WhiteTitle "WGM"]
[BlackTitle "WGM"]
[WhiteElo "2331"]
[BlackElo "2329"]
[WhiteFideId "4164083"]
[BlackFideId "4000510"]
[EventDate "2021.12.26"]

1. e4 c5 2. Nf3 d6 3. d4 cxd4 4. Nxd4 Nf6 5. Nc3 a6 6. Be3 e5 7. Nf3 Qc7 8. a4
Be7 9. a5 Nbd7 10. Be2 O-O 11. O-O b5 12. axb6 Nxb6 13. Nd2 Bb7 14. Bd3 d5 15.
Bxb6 Qxb6 16. exd5 Rad8 17. Nc4 Qc7 18. Qe2 e4 19. Nxe4 Nxd5 20. Na5 Nf4 21. Qf3
Ba8 22. Qg3 Rxd3 23. Qg4 f5 0-1